| 000 | 00769nam a2200289 i 4500 | ||
|---|---|---|---|
| 001 | 15776 | ||
| 003 | DO-SdUEMH | ||
| 005 | 20260207161741.0 | ||
| 007 | ta | ||
| 008 | 211105s2011||||dr |||gr|||| 0|| |dspa d | ||
| 020 | _a9789945074246 | ||
| 040 |
_aDO-SdUEMH _bspa _erda |
||
| 041 | _aspa | ||
| 082 | 1 | 4 |
_aRD 362.1968997293 Z18O _mRD _bZ18 |
| 084 | _b13-00024 | ||
| 100 | 1 |
_aZaglul, Antonio, 1920-1996 _eaut |
|
| 245 |
_aObras Selectas / _cAntonio Zaglul |
||
| 260 | _c2011 | ||
| 264 | 1 |
_aSanto Domingo, República Dominicana : _bBúho, _c2011 |
|
| 264 | 4 | _c©2011 | |
| 300 |
_a503 páginas : _c26 cm. |
||
| 336 |
_2rdacontent _atexto _btxt |
||
| 337 |
_2rdamedia _asin mediación _bn |
||
| 338 |
_2rdacarrier _avolumen _bnc |
||
| 942 |
_2ddc _cBK _n0 |
||
| 999 |
_c15776 _d15776 |
||